000 00618nam a22001937a 4500
999 _c180621
_d180621
005 20210812145851.0
010 _aUR-11199
020 _c15.00
_a-
035 _aU-9754
037 _bDBAD/PUB
082 _aک
100 _aمحمد عا ر ف ا صلا حی
245 _aا چھی شر ا ر ت
_cمحمد عا ر ف ا صلا حی
246 _aGhuzuhey Ahud (Urdu)
_bby Mohd.Arif Islahi
260 _aAzamgarh
_c2020 ء
_bFaran Book House,
270 _aAlbadar Book Centre Mahajani Tola,Saraimeer,
_bAzamgarh,(U.P.)
_e276305
_l9839591434
300 _a16 ص
_c22 Cm(Hb)
942 _2ddc
_cUR
_hک
_mم ح م